[Event "ch-ISR w 2016"]
[Site "Tiberias ISR"]
[Date "2016.12.05"]
[Round "1.1"]
[White "Vardi, Shlomit"]
[Black "Gutmakher, Olga"]
[Result "1-0"]
[BlackTitle "WIM"]
[WhiteElo "1926"]
[BlackElo "2247"]
[WhiteFideId "2801442"]
[BlackFideId "2807602"]
[EventDate "2016.12.05"]

1. e4 c5 2. Nc3 Nc6 3. Bb5 g6 4. Bxc6 bxc6 5. d3 Bg7 6. Nge2 d6 7. O-O Rb8 8. b3
Nf6 9. h3 Nh5 10. Qe1 e5 11. f4 exf4 12. Nxf4 Bd4+ 13. Be3 Qg5 14. Bxd4 Nxf4 15.
Rxf4 cxd4 16. Ne2 Bxh3 17. Qf2 c5 18. Rf1 O-O 19. Rxf7 Rxf7 20. Qxf7+ Kh8 21.
Nf4 Bg4 22. Nd5 Be2 23. Qc7 Rg8 24. Rf4 Qh6 25. Qxd6 Qg7 26. Qxc5 g5 27. Rf2 Bd1
28. Nc7 Rc8 29. Qd6 Bg4 30. Nd5 Bd1 31. Ne7 Re8 32. Nf5 1-0

[Event "ch-ISR w 2016"]
[Site "Tiberias ISR"]
[Date "2016.12.05"]
[Round "1.2"]
[White "Lahav, Michal"]
[Black "Ovechkin, Lilia"]
[Result "1-0"]
[WhiteTitle "WFM"]
[WhiteElo "2178"]
[BlackElo "1857"]
[WhiteFideId "2813742"]
[BlackFideId "2816199"]
[EventDate "2016.12.05"]

1. e4 d5 2. exd5 Qxd5 3. Nf3 Bg4 4. Be2 Nc6 5. Nc3 Qd7 6. d3 e5 7. Be3 Nf6 8. a3
Bd6 9. Nd2 Bxe2 10. Qxe2 O-O 11. Nde4 Ng4 12. Bd2 Nd4 13. Qd1 f5 14. Ng5 e4 15.
h3 exd3 16. hxg4 dxc2 17. Qc1 Nb3 18. Qxc2 Nxa1 19. Qb1 h6 20. Qa2+ Kh8 21. Qxa1
fxg4 22. Qb1 Qf5 23. Qxf5 Rxf5 24. Nge4 Bf4 25. Bxf4 Rxf4 26. Ke2 Re8 27. Ke3
Rf7 28. Rh4 g3 29. f3 Re6 30. Kd2 Rg6 31. Ne2 Rd7+ 32. Kc2 Rc6+ 33. N2c3 Kg8 34.
Rg4 Kf7 35. Rf4+ Ke6 36. Nxg3 Rcd6 37. Nge4 Rc6 38. Rg4 g5 39. Rg3 Kf5 40. Rh3
b6 41. Kb1 a6 42. Rh1 Rg6 43. Nf2 Rd2 44. Nce4 Rd4 45. Ng3+ Ke6 46. Re1+ Kd7 47.
Ng4 Rgd6 48. Re2 Rd2 49. Rxd2 Rxd2 50. Nxh6 Rxg2 51. Ne4 Ke6 52. Ng4 Rg1+ 53.
Kc2 Kf5 54. Ngf2 Rg2 55. Kd3 Rg1 56. Ng4 Rd1+ 57. Ke2 Rb1 58. Ne3+ Ke5 59. Nd1
g4 60. fxg4 Rxd1 61. Kxd1 Kxe4 62. Kd2 Kf4 63. Kd3 Kxg4 64. Ke4 c6 65. Ke5 Kf3
66. Kd6 c5 67. Kc6 Ke4 68. Kxb6 Kd4 69. Kxa6 c4 70. Kb5 c3 71. bxc3+ Kd5 72. c4+
Kd6 73. Kb6 Kd7 74. c5 Kc8 75. Kc6 Kb8 76. Kd7 Ka8 77. c6 1-0

[Event "ch-ISR w 2016"]
[Site "Tiberias ISR"]
[Date "2016.12.05"]
[Round "1.3"]
[White "Brusilovski, Lena"]
[Black "Nesterovskaya, Anzhelika"]
[Result "1/2-1/2"]
[BlackTitle "WFM"]
[WhiteElo "1851"]
[BlackElo "2173"]
[WhiteFideId "2803216"]
[BlackFideId "14114895"]
[EventDate "2016.12.05"]

1. e4 e5 2. Nf3 Nc6 3. Bc4 Nf6 4. d3 Be7 5. Bb3 d6 6. h3 O-O 7. c3 b5 8. O-O Na5
9. Bc2 c5 10. Be3 Bb7 11. Qe2 Qc7 12. Nbd2 h6 13. Nh2 Nc6 14. f4 exf4 15. Bxf4
Ne5 16. Rac1 Ng6 17. Bg3 Qa5 18. a3 Rae8 19. Rce1 Qb6 20. Kh1 h5 21. Nhf3 Nd7
22. d4 Bf6 23. Qd3 Qc6 24. b4 Nb6 25. bxc5 dxc5 26. e5 Bd8 27. Qf5 h4 28. Bf2
Nd5 29. Be4 Qa6 30. Ng5 Bxg5 31. Qxg5 Nxc3 32. Bxb7 Qxb7 33. dxc5 Qd5 34. Nf3 a5
35. Bd4 Ne4 36. Qe3 Ng3+ 37. Kg1 Nxf1 38. Kxf1 f6 39. e6 Re7 40. Bc3 Rfe8 41.
Nd4 Ne5 42. Nxb5 Qxe6 43. Nd6 Ra8 44. Qe4 Ra6 45. Qxh4 Qd5 46. Bxe5 Rxe5 47.
Rxe5 fxe5 48. Qd8+ Kh7 49. Qh4+ Kg6 50. Qg4+ Kh7 51. Qf5+ g6 52. Qd7+ Kg8 53.
Qc8+ Kh7 54. Qxa6 Qd1+ 55. Kf2 Qd4+ 56. Ke1 Qa1+ 57. Kf2 Qd4+ 58. Ke2 Qb2+ 59.
Kd3 Qb1+ 60. Kc3 Qc1+ 61. Kb3 Qd1+ 62. Kb2 Qd2+ 1/2-1/2

[Event "ch-ISR w 2016"]
[Site "Tiberias ISR"]
[Date "2016.12.05"]
[Round "1.4"]
[White "Len, Irina"]
[Black "Levitan, Ronit"]
[Result "0-1"]
[WhiteTitle "WFM"]
[BlackTitle "WCM"]
[WhiteElo "2140"]
[BlackElo "1712"]
[WhiteFideId "2805715"]
[BlackFideId "2815109"]
[EventDate "2016.12.05"]

1. d4 d5 2. Nf3 Nf6 3. c4 e6 4. Bg5 Be7 5. e3 O-O 6. Nc3 b6 7. cxd5 exd5 8. Rc1
Bb7 9. Bd3 Nbd7 10. O-O Ne4 11. Bf4 Nxc3 12. Rxc3 c5 13. Qc2 Nf6 14. dxc5 bxc5
15. Be5 c4 16. Bxf6 Bxf6 17. Bxh7+ Kh8 18. Nd4 Bc8 19. Bf5 Qb6 20. Bxc8 Rfxc8
21. Rd1 Re8 22. h3 Rac8 23. Rd2 g6 24. Qc1 Re4 25. b3 Bxd4 26. exd4 Rxd4 27. Re2
Kg8 28. Re7 Qa6 29. Rf3 cxb3 30. Qg5 bxa2 31. Rfxf7 a1=Q+ 32. Kh2 Rd1 33. Qh6
Rh1+ 34. Kg3 Qc3+ 35. Re3 Qxe3+ 36. fxe3 Kxf7 0-1

[Event "ch-ISR w 2016"]
[Site "Tiberias ISR"]
[Date "2016.12.05"]
[Round "1.5"]
[White "Levi, Shoval"]
[Black "Altshul, Limor"]
[Result "0-1"]
[WhiteElo "1688"]
[BlackElo "2022"]
[WhiteFideId "2816288"]
[BlackFideId "2812550"]
[EventDate "2016.12.05"]

1. d4 Nf6 2. c4 e6 3. Nc3 Bb4 4. e3 O-O 5. a3 Bxc3+ 6. bxc3 d5 7. cxd5 exd5 8.
c4 dxc4 9. Bxc4 c5 10. Qd3 cxd4 11. Qxd4 Qxd4 12. exd4 Re8+ 13. Ne2 Nc6 14. O-O
Bg4 15. f3 Be6 16. Bd3 Rad8 17. Bb2 a6 18. Rac1 Bf5 19. Bxf5 Rxe2 20. Rb1 Nxd4
21. Bxd4 Rxd4 22. Rxb7 g6 23. Bh3 Ra4 24. Ra1 Nd5 25. Bd7 Rd4 26. Bc6 Nf4 27.
Kf1 Rdd2 28. Rab1 Rf2+ 29. Ke1 Nd3# 0-1

[Event "ch-ISR w 2016"]
[Site "Tiberias ISR"]
[Date "2016.12.05"]
[Round "1.6"]
[White "Haitovich, Avital"]
[Black "Bejashvili, Irma"]
[Result "1-0"]
[WhiteElo "1979"]
[BlackElo "1656"]
[WhiteFideId "2800306"]
[BlackFideId "2810662"]
[EventDate "2016.12.05"]

1. c4 Nf6 2. Nc3 e6 3. g3 d5 4. cxd5 exd5 5. Bg2 c6 6. d3 Be7 7. Nf3 Nbd7 8. O-O
O-O 9. Qc2 Re8 10. b3 Nf8 11. h3 Bd7 12. Kh2 Ng6 13. Bb2 Bd6 14. Rac1 h5 15. Kh1
Qc8 16. h4 Ng4 17. Nd1 Qd8 18. Qc3 f6 19. Qd2 Qe7 20. Rc2 Rad8 21. Bc3 Bc5 22.
Bd4 Bb4 23. Bc3 a5 24. Bxb4 axb4 25. Nh2 Nh6 26. Ne3 Nf5 27. Nxf5 Bxf5 28. Bf3
Bh3 29. Rfc1 Qe5 30. Qxb4 Rd7 31. Nf1 Bxf1 32. Rxf1 Rde7 33. Qd2 Qf5 34. d4 Qh3+
35. Kg1 Qf5 36. Qd1 Nh8 37. e3 g6 38. Kg2 Nf7 39. Be2 Kg7 40. Bd3 Qd7 41. Rc1
Nd6 42. Qc2 1-0

[Event "ch-ISR w 2016"]
[Site "Tiberias ISR"]
[Date "2016.12.05"]
[Round "1.7"]
[White "Federovski, Adi"]
[Black "Zach, Asif"]
[Result "1-0"]
[WhiteElo "1947"]
[BlackElo "1632"]
[WhiteFideId "2813777"]
[BlackFideId "2818604"]
[EventDate "2016.12.05"]

1. e4 c5 2. Nf3 g6 3. d4 cxd4 4. Qxd4 Nf6 5. Nc3 Nc6 6. Qa4 d6 7. e5 dxe5 8.
Nxe5 Bd7 9. Nxd7 Qxd7 10. Be3 a6 11. Rd1 Qc8 12. Be2 Nd7 13. O-O Bg7 14. Qh4 Rb8
15. f4 e6 16. Rf3 Ne7 17. Qf2 Nf5 18. Ba7 Ra8 19. Rfd3 Nf6 20. g4 Ne7 21. Bc5
Ned5 22. Ba3 Qb8 23. Nxd5 Nxd5 24. Rxd5 exd5 25. Qe3+ Be5 26. Rxd5 1-0

[Event "ch-ISR w 2016"]
[Site "Tiberias ISR"]
[Date "2016.12.05"]
[Round "1.8"]
[White "Katkov, Michelle"]
[Black "Reprun, Nadejda"]
[Result "1/2-1/2"]
[WhiteElo "1652"]
[BlackElo "1959"]
[WhiteFideId "2816393"]
[BlackFideId "2806843"]
[EventDate "2016.12.05"]

1. e4 c6 2. d4 d5 3. exd5 cxd5 4. c4 Nf6 5. Nc3 e6 6. Nf3 Be7 7. a3 dxc4 8. Bxc4
O-O 9. O-O a6 10. d5 exd5 11. Nxd5 Nxd5 12. Bxd5 Nd7 13. Bf4 Nf6 14. Bb3 Qxd1
15. Raxd1 Bg4 16. Rd3 Bxf3 17. Rxf3 Rad8 18. Rc3 Bd6 19. Bxd6 Rxd6 20. Re1 Rd7
21. Rec1 Rfd8 22. Rc7 Kf8 23. Kf1 Rxc7 24. Rxc7 Rd7 25. Rxd7 Nxd7 26. Ke2 Ke7
27. Ke3 f6 28. Kd4 Kd6 29. Bg8 h6 30. b4 Ne5 31. f4 Nc6+ 32. Ke4 g6 33. Bf7 Ne7
34. Kd3 b6 35. g3 a5 36. Kc4 axb4 37. axb4 Kc6 38. Be8+ Kd6 39. Kb5 Kc7 40. Bf7
g5 41. fxg5 fxg5 42. Be6 1/2-1/2

[Event "ch-ISR w 2016"]
[Site "Tiberias ISR"]
[Date "2016.12.06"]
[Round "2.1"]
[White "Federovski, Adi"]
[Black "Lahav, Michal"]
[Result "1/2-1/2"]
[BlackTitle "WFM"]
[WhiteElo "1947"]
[BlackElo "2178"]
[WhiteFideId "2813777"]
[BlackFideId "2813742"]
[EventDate "2016.12.05"]

1. e4 e6 2. d4 d5 3. Nd2 Be7 4. e5 c5 5. Qg4 Kf8 6. Ndf3 Nc6 7. Bd3 h5 8. Qf4 g5
9. Nxg5 Bxg5 10. Qxg5 Qxg5 11. Bxg5 Nxd4 12. Be3 f6 13. Bxd4 cxd4 14. Nf3 fxe5
15. Nxe5 Ne7 16. O-O-O Rg8 17. g3 Kg7 18. h3 Kf6 19. Rde1 Nc6 20. Nxc6 bxc6 21.
Be2 h4 22. g4 e5 23. f4 exf4 24. Rhf1 Re8 25. Rxf4+ Kg5 26. Rxd4 Ba6 27. Kd2
Bxe2 28. Rxe2 Rxe2+ 29. Kxe2 Re8+ 30. Kd2 Rf8 31. Kc3 Rf2 32. b4 a6 33. a4 Rf3+
34. Rd3 Rf4 35. Kb3 Rf1 36. Kc3 Rf4 37. Rd4 Rf3+ 38. Rd3 1/2-1/2

[Event "ch-ISR w 2016"]
[Site "Tiberias ISR"]
[Date "2016.12.06"]
[Round "2.2"]
[White "Altshul, Limor"]
[Black "Vardi, Shlomit"]
[Result "1-0"]
[WhiteElo "2022"]
[BlackElo "1926"]
[WhiteFideId "2812550"]
[BlackFideId "2801442"]
[EventDate "2016.12.05"]

1. d4 Nf6 2. c4 g6 3. Nc3 Bg7 4. e4 d6 5. Bd3 O-O 6. Nge2 e5 7. O-O Nh5 8. d5
Nd7 9. Bc2 a5 10. Kh1 Nb6 11. b3 f5 12. exf5 gxf5 13. Bb2 Nd7 14. Ng3 Nxg3+ 15.
fxg3 e4 16. g4 Qh4 17. g3 Qh3 18. gxf5 Nf6 19. Qe2 Bxf5 20. Qg2 Rae8 21. Rae1
Qxg2+ 22. Kxg2 Nd7 23. Nd1 Bh6 24. Nf2 Nc5 25. g4 Bg6 26. h4 Nd3 27. Bxd3 exd3
28. h5 Re2 29. Rxe2 dxe2 30. Re1 Be3 31. Rxe2 Rxf2+ 32. Rxf2 Be4+ 33. Rf3 Bg5
34. Kf2 Bxf3 35. Kxf3 Kf7 36. Ke4 b6 37. Kf5 h6 38. Bd4 Bd2 39. Bf6 1-0

[Event "ch-ISR w 2016"]
[Site "Tiberias ISR"]
[Date "2016.12.06"]
[Round "2.3"]
[White "Levitan, Ronit"]
[Black "Haitovich, Avital"]
[Result "0-1"]
[WhiteTitle "WCM"]
[WhiteElo "1712"]
[BlackElo "1979"]
[WhiteFideId "2815109"]
[BlackFideId "2800306"]
[EventDate "2016.12.05"]

1. e4 c5 2. c3 Nf6 3. e5 Nd5 4. d4 cxd4 5. cxd4 g6 6. Nf3 Bg7 7. Bc4 Nb6 8. Bb3
O-O 9. h4 d5 10. h5 Nc6 11. Ng5 h6 12. Nh3 Qd7 13. hxg6 fxg6 14. Nf4 g5 15. Nh5
Qg4 16. Qxg4 Bxg4 17. Nxg7 Kxg7 18. f3 Bf5 19. Be3 Nb4 20. Nc3 Nd3+ 21. Ke2 e6
22. g4 Bg6 23. Na4 Nxa4 24. Bxa4 Rf7 25. Bc2 Nxb2 26. Bxg6 Kxg6 27. Rab1 Nc4 28.
Rh3 Nxe3 29. Kxe3 Rc8 30. Kd3 Rcf8 31. Ke3 Rc8 32. Kd3 Rfc7 33. Rb2 b6 34. Rbh2
Rc3+ 35. Kd2 Rc2+ 36. Ke1 Rc1+ 37. Kd2 R8c2+ 38. Kd3 Rc3+ 39. Kd2 R1c2+ 40. Kd1
Rxh2 41. Rxh2 Rxf3 42. Rc2 Rd3+ 43. Kc1 Rxd4 44. Rg2 Re4 0-1

[Event "ch-ISR w 2016"]
[Site "Tiberias ISR"]
[Date "2016.12.06"]
[Round "2.4"]
[White "Nesterovskaya, Anzhelika"]
[Black "Katkov, Michelle"]
[Result "1-0"]
[WhiteTitle "WFM"]
[WhiteElo "2173"]
[BlackElo "1652"]
[WhiteFideId "14114895"]
[BlackFideId "2816393"]
[EventDate "2016.12.05"]

1. g3 e5 2. Bg2 d5 3. d4 exd4 4. Qxd4 Nf6 5. Bg5 Be7 6. Qa4+ Nc6 7. Nc3 O-O 8.
Bxf6 Bxf6 9. Nxd5 Bxb2 10. Rd1 Bd7 11. Qb3 Be5 12. Nf3 Bd6 13. O-O Qc8 14. Rfe1
h6 15. e4 Be6 16. c4 Ne7 17. e5 Bc5 18. Nd2 c6 19. Nf4 Bb6 20. Ne4 Bg4 21. Rd3
Qc7 22. Nd6 Rad8 23. Qa3 Nc8 24. h3 Be6 25. Red1 Qe7 26. c5 Bc7 27. Be4 Bb8 28.
Qb2 Nxd6 29. exd6 Qg5 30. Rc1 Bc8 31. h4 Qg4 32. Bf3 Qf5 33. Rcd1 a6 34. Qd4 Ba7
35. g4 Qd7 36. Nh5 f5 37. g5 hxg5 38. hxg5 Qf7 39. Nf4 Be6 40. Bh5 Qd7 41. Ng6
Bxa2 42. Ne7+ Kh8 43. Qh4 1-0

[Event "ch-ISR w 2016"]
[Site "Tiberias ISR"]
[Date "2016.12.06"]
[Round "2.6"]
[White "Ovechkin, Lilia"]
[Black "Zach, Asif"]
[Result "1/2-1/2"]
[WhiteElo "1857"]
[BlackElo "1632"]
[WhiteFideId "2816199"]
[BlackFideId "2818604"]
[EventDate "2016.12.05"]

1. d4 Nf6 2. Bg5 c5 3. d5 Qb6 4. Nc3 Qxb2 5. Bd2 Qb6 6. e4 d6 7. Rb1 Qd8 8. f4
e6 9. dxe6 fxe6 10. Bd3 Nc6 11. Nf3 Be7 12. O-O O-O 13. f5 exf5 14. Bc4+ Kh8 15.
exf5 d5 16. Bb5 Bxf5 17. Bxc6 bxc6 18. Ne5 Bd7 19. Rb7 Bd6 20. Bf4 Qc8 21. Rb1
d4 22. Na4 Qc7 23. Nxc5 Bxe5 24. Rb7 Qd6 25. Bxe5 Qxc5 26. Bxd4 Qg5 27. Bxf6
Rxf6 28. Rxf6 Qxf6 29. Rxd7 Rf8 30. Qf3 Qxf3 31. gxf3 Kg8 32. Kf2 a5 33. Ke3 Rb8
34. a4 Re8+ 35. Kd3 Rf8 36. Ke3 Rf5 37. Rc7 Rc5 38. Kd3 g5 39. c3 h5 40. h3 Rf5
41. Ke3 Rc5 42. Kd3 1/2-1/2

[Event "ch-ISR w 2016"]
[Site "Tiberias ISR"]
[Date "2016.12.06"]
[Round "2.7"]
[White "Bejashvili, Irma"]
[Black "Len, Irina"]
[Result "0-1"]
[BlackTitle "WFM"]
[WhiteElo "1656"]
[BlackElo "2140"]
[WhiteFideId "2810662"]
[BlackFideId "2805715"]
[EventDate "2016.12.05"]

1. d4 Nf6 2. Nf3 d5 3. c4 e6 4. Nc3 c6 5. Bf4 Bb4 6. Qc2 dxc4 7. e4 b5 8. Be2
Bb7 9. O-O Nbd7 10. a4 a6 11. h3 O-O 12. g4 c5 13. g5 Ne8 14. axb5 cxd4 15. Nxd4
e5 16. Nc6 Bxc6 17. bxc6 exf4 18. cxd7 Qxg5+ 19. Kh2 f3 20. Rg1 Bd6+ 21. Kh1 Qh4
22. Bf1 Nf6 23. Ra5 Nxd7 24. Rg4 Qd8 25. Rag5 g6 26. Nd5 Ne5 27. Rg1 Rc8 28. Qc3
f6 29. Rf5 Kh8 30. Rf4 a5 31. Rh4 Bc5 32. Rxg6 Nxg6 33. Bxc4 Nxh4 34. Ba6 Bxf2
35. Bxc8 Qxc8 36. Qd2 Qxh3# 0-1

[Event "ch-ISR w 2016"]
[Site "Tiberias ISR"]
[Date "2016.12.06"]
[Round "2.8"]
[White "Gutmakher, Olga"]
[Black "Levi, Shoval"]
[Result "1-0"]
[WhiteTitle "WIM"]
[WhiteElo "2247"]
[BlackElo "1688"]
[WhiteFideId "2807602"]
[BlackFideId "2816288"]
[EventDate "2016.12.05"]

1. e4 c5 2. c3 d5 3. exd5 Qxd5 4. d4 Nf6 5. Nf3 Bg4 6. Be2 Nc6 7. O-O e6 8. h3
Bh5 9. Be3 cxd4 10. Nxd4 Bc5 11. Bxh5 Nxh5 12. Nxe6 Qxd1 13. Nc7+ Kd7 14. Rxd1+
Kxc7 15. Bxc5 Rhe8 16. Na3 Rad8 17. Nb5+ Kb8 18. b4 Nf6 19. f3 Nd7 20. Bd6+ Kc8
21. Bg3 Nb6 22. Nd6+ Rxd6 23. Rxd6 Re3 24. Rad1 Rxc3 25. b5 Nc4 26. R6d5 Nb6 27.
Rg5 Ne7 28. Rxg7 Nbd5 29. Rxf7 h6 30. Re1 Kd8 31. Bh4 Rc7 32. Rh7 Rd7 33. Re5 h5
34. Rxd5 Rxd5 35. Rxe7 Kc8 36. a4 Rd4 37. Re4 1-0

[Event "ch-ISR w 2016"]
[Site "Tiberias ISR"]
[Date "2016.12.06"]
[Round "2.9"]
[White "Dotan, Valeria"]
[Black "Brusilovski, Lena"]
[Result "1-0"]
[WhiteTitle "WFM"]
[WhiteElo "1928"]
[BlackElo "1851"]
[WhiteFideId "2803607"]
[BlackFideId "2803216"]
[EventDate "2016.12.05"]

1. d4 Nf6 2. c4 g6 3. Nc3 Bg7 4. e4 d6 5. f3 O-O 6. Be3 c6 7. Qd2 Re8 8. Nge2
Nbd7 9. g4 Nf8 10. Ng3 e5 11. d5 Qc7 12. h4 h5 13. gxh5 gxh5 14. Bh6 Ng6 15.
Bxg7 Kxg7 16. Qg5 Nh7 17. Nxh5+ Kh8 18. Nf6 Kg7 19. Nxe8+ 1-0

[Event "ch-ISR w 2016"]
[Site "Tiberias ISR"]
[Date "2016.12.07"]
[Round "3.1"]
[White "Haitovich, Avital"]
[Black "Altshul, Limor"]
[Result "0-1"]
[WhiteElo "1979"]
[BlackElo "2022"]
[WhiteFideId "2800306"]
[BlackFideId "2812550"]
[EventDate "2016.12.05"]

1. e4 c6 2. d4 d5 3. exd5 cxd5 4. Bd3 Nc6 5. c3 Qc7 6. Ne2 Bg4 7. f3 Bd7 8. Bf4
e5 9. dxe5 Nxe5 10. Bc2 Bd6 11. Bxe5 Bxe5 12. Qxd5 Nf6 13. Qd2 O-O-O 14. Qe3 Kb8
15. Nd2 Rhe8 16. O-O-O Bb5 17. Qf2 Bxe2 18. Qxe2 Bxc3 19. Qf2 Bd4 20. Qg3 Be5
21. Qh4 Bf4 22. g3 g5 23. Qh3 Be3 24. Qf5 Ne4 25. fxe4 Re5 26. Qf3 Rc8 27. Kb1
Qxc2+ 28. Ka1 Bxd2 29. Qf2 Rec5 0-1

[Event "ch-ISR w 2016"]
[Site "Tiberias ISR"]
[Date "2016.12.07"]
[Round "3.2"]
[White "Lahav, Michal"]
[Black "Reprun, Nadejda"]
[Result "1-0"]
[WhiteTitle "WFM"]
[WhiteElo "2178"]
[BlackElo "1959"]
[WhiteFideId "2813742"]
[BlackFideId "2806843"]
[EventDate "2016.12.05"]

1. e4 c6 2. d4 d5 3. e5 Bf5 4. Ne2 e6 5. Ng3 Bg6 6. h4 h5 7. c4 dxc4 8. Bxc4 Be7
9. Nc3 Bxh4 10. Nge2 Bg5 11. Bxg5 Qxg5 12. Qb3 Qe7 13. Nf4 Bf5 14. Rxh5 Rxh5 15.
Nxh5 Kf8 16. Ng3 Bg6 17. Nce4 b5 18. Be2 Nh6 19. Rc1 Nf5 20. Nxf5 Bxf5 21. Nd6
Qg5 22. Rc3 Qxg2 23. Nxf5 Qg1+ 24. Bf1 exf5 25. Qb4+ Ke8 26. Rh3 Qg6 27. Rh8+
Kd7 28. Bh3 1-0

[Event "ch-ISR w 2016"]
[Site "Tiberias ISR"]
[Date "2016.12.07"]
[Round "3.3"]
[White "Nesterovskaya, Anzhelika"]
[Black "Federovski, Adi"]
[Result "0-1"]
[WhiteTitle "WFM"]
[WhiteElo "2173"]
[BlackElo "1947"]
[WhiteFideId "14114895"]
[BlackFideId "2813777"]
[EventDate "2016.12.05"]

1. d4 Nf6 2. c4 g6 3. Nc3 Bg7 4. e4 d6 5. Bg5 h6 6. Bh4 c5 7. d5 a6 8. f4 Qa5 9.
Qd2 Nh5 10. Rc1 g5 11. fxg5 hxg5 12. Bf2 Nd7 13. Nf3 g4 14. Nh4 Ne5 15. Be2 Qb4
16. a3 Qb3 17. O-O Nxc4 18. Bxc4 Qxc4 19. Qd1 Nf4 20. Kh1 Qd3 21. Qe1 Nxg2 22.
Kxg2 Qh3+ 23. Kh1 Be5 24. Bg3 Bxg3 25. Qxg3 Qxh4 26. Qxh4 Rxh4 27. Rf4 Bd7 28.
Ne2 b5 29. Ng3 f6 30. Rc2 a5 31. Kg2 Kf7 32. Rff2 Rhh8 33. Ne2 b4 34. Nf4 Rab8
35. e5 dxe5 36. Nd3 Kg6 37. Nxc5 Bf5 38. Rcd2 bxa3 39. bxa3 Rhc8 40. Ne6 Bxe6 0-1

[Event "ch-ISR w 2016"]
[Site "Tiberias ISR"]
[Date "2016.12.07"]
[Round "3.4"]
[White "Len, Irina"]
[Black "Dotan, Valeria"]
[Result "1-0"]
[WhiteTitle "WFM"]
[BlackTitle "WFM"]
[WhiteElo "2140"]
[BlackElo "1928"]
[WhiteFideId "2805715"]
[BlackFideId "2803607"]
[EventDate "2016.12.05"]

1. d4 Nf6 2. c4 e6 3. a3 d5 4. Nf3 Be7 5. Nc3 O-O 6. e3 b6 7. cxd5 exd5 8. Bd3
Bb7 9. O-O c5 10. b3 Nc6 11. Bb2 cxd4 12. exd4 a6 13. Re1 Re8 14. Bc2 Bf8 15.
Qd3 g6 16. Rxe8 Qxe8 17. Re1 Qd7 18. Ne5 Nxe5 19. dxe5 Qe6 20. b4 Ne8 21. Ne2
Ng7 22. Nf4 Qd7 23. Bb3 Rd8 24. Rd1 Ne6 25. Nxd5 Bxd5 26. Bxd5 b5 27. h4 Bg7 28.
g3 Kf8 29. Qe3 Qe7 30. Bb3 Rxd1+ 31. Bxd1 Qc7 32. Bb3 Ke7 33. Qe4 Qd7 34. Bd5
Qc7 35. Kg2 Qb6 36. f4 Kd7 37. g4 Bh6 38. g5 Bf8 39. f5 Nd8 40. Bd4 Qc7 41. Bxf7
Nxf7 42. e6+ Ke8 43. exf7+ 1-0

[Event "ch-ISR w 2016"]
[Site "Tiberias ISR"]
[Date "2016.12.07"]
[Round "3.5"]
[White "Vardi, Shlomit"]
[Black "Levitan, Ronit"]
[Result "1-0"]
[BlackTitle "WCM"]
[WhiteElo "1926"]
[BlackElo "1712"]
[WhiteFideId "2801442"]
[BlackFideId "2815109"]
[EventDate "2016.12.05"]

1. e4 e5 2. Nf3 Nc6 3. Bc4 Bc5 4. c3 Nf6 5. d3 d6 6. Bb3 Bb6 7. O-O Ne7 8. Nbd2
c6 9. h3 Ng6 10. d4 O-O 11. Re1 h6 12. Nf1 exd4 13. cxd4 d5 14. e5 Ne4 15. Ng3
Nxg3 16. fxg3 Ne7 17. g4 Ng6 18. Bc2 Be6 19. Be3 Qe7 20. Qd2 Rfe8 21. Qf2 Rac8
22. Rac1 Bc7 23. Bb1 Bb8 24. Qg3 Bd7 25. h4 Nf8 26. Bd2 Ne6 27. Qf2 b6 28. Qe2
Nf8 29. g5 hxg5 30. hxg5 c5 31. Qd3 c4 32. Qc2 Bg4 33. Nh2 Bh5 34. Rf1 Bg6 35.
Qc3 Bxb1 36. Rxb1 Ne6 37. Nf3 b5 38. a3 a6 39. Be3 Ba7 40. g3 Bb6 41. Kg2 g6 42.
Qd2 Ng7 43. Nh2 Qd7 44. Rf6 Bd8 45. Rxa6 Nf5 46. Rf1 Qb7 47. Rxf5 Qxa6 48. Rf1
Ba5 49. Qe2 Bd8 50. Ng4 Rc7 51. Rh1 c3 52. bxc3 Rxc3 53. Qf2 Rc7 54. Qf4 b4 55.
axb4 Rc2+ 56. Bf2 Qe6 57. Ne3 Rb2 58. b5 Rxb5 59. Qh4 Kf8 60. Ra1 Kg8 61. Qh6
Bxg5 62. Qxg5 Qe7 63. Qh6 Qf8 64. Qh3 Reb8 65. Ng4 R8b6 66. Qh4 Rb2 67. Rh1 Qg7
68. Nf6+ Kf8 69. Nd7+ Ke8 70. Nxb6 Rxb6 71. Ra1 Rb8 72. Ra7 Qf8 73. Qf6 Rc8 74.
Qa6 1-0

[Event "ch-ISR w 2016"]
[Site "Tiberias ISR"]
[Date "2016.12.07"]
[Round "3.6"]
[White "Brusilovski, Lena"]
[Black "Gutmakher, Olga"]
[Result "1-0"]
[BlackTitle "WIM"]
[WhiteElo "1851"]
[BlackElo "2247"]
[WhiteFideId "2803216"]
[BlackFideId "2807602"]
[EventDate "2016.12.05"]

1. e4 g6 2. d4 Bg7 3. Nf3 d6 4. Be3 Nf6 5. Nc3 O-O 6. h3 c6 7. Qd2 b5 8. Bd3
Nbd7 9. Bh6 e5 10. O-O Nh5 11. Bxg7 Kxg7 12. Ne2 Bb7 13. a4 a6 14. Rfd1 Qf6 15.
c3 Rfd8 16. axb5 cxb5 17. d5 Nc5 18. Bc2 Bc8 19. Qe3 h6 20. Ne1 Qh4 21. b4 Nd7
22. Nf3 Qe7 23. Bd3 Rb8 24. g4 Nhf6 25. Ng3 Nb6 26. Nd2 Nfxd5 27. exd5 Nxd5 28.
Qf3 Nf4 29. Bf1 Qh4 30. Qe3 Bb7 31. Nde4 Qe7 32. f3 Kh7 33. Ra2 f5 34. gxf5 gxf5
35. Nxf5 Qe6 36. Neg3 Qxa2 37. Rxd6 Rxd6 38. Qxe5 Nxh3+ 39. Bxh3 Rd1+ 40. Bf1
Qg8 41. Qe7+ Kg6 42. Nh4# 1-0

[Event "ch-ISR w 2016"]
[Site "Tiberias ISR"]
[Date "2016.12.07"]
[Round "3.8"]
[White "Zach, Asif"]
[Black "Katkov, Michelle"]
[Result "1-0"]
[WhiteElo "1632"]
[BlackElo "1652"]
[WhiteFideId "2818604"]
[BlackFideId "2816393"]
[EventDate "2016.12.05"]

1. e4 e5 2. Bc4 Nf6 3. Nc3 Bc5 4. d3 Nc6 5. f4 d6 6. Nf3 Bg4 7. h3 Bxf3 8. Qxf3
exf4 9. Bxf4 Nd4 10. Qd1 c6 11. Bg5 h6 12. Bh4 Qe7 13. Ne2 d5 14. Bxf6 Qxf6 15.
exd5 O-O 16. Rf1 Qh4+ 17. Kd2 Qg5+ 18. Nf4 Nf5 19. Qf3 Be3+ 20. Kd1 Bxf4 21.
Qxf4 Ne3+ 22. Ke2 Rae8 23. Qxg5 hxg5 24. Kd2 Nxf1+ 25. Rxf1 cxd5 26. Bxd5 Re5
27. c4 b5 28. b3 g6 29. Rf6 Kg7 30. Ra6 bxc4 31. dxc4 Re7 32. b4 Rfe8 33. a4 Rd7
34. Kc3 Rc8 35. Rc6 Rxc6 36. Bxc6 Rc7 37. b5 Kf6 38. Kd4 Ke6 39. c5 Rc8 40. a5
Rd8+ 41. Kc4 Rb8 42. Bd5+ Kd7 43. b6 axb6 44. cxb6 Kd6 45. b7 Kc7 46. Kc5 Rd8
47. a6 Kb8 48. Kb6 Rd6+ 49. Bc6 1-0

[Event "ch-ISR w 2016"]
[Site "Tiberias ISR"]
[Date "2016.12.07"]
[Round "3.9"]
[White "Levi, Shoval"]
[Black "Bejashvili, Irma"]
[Result "1/2-1/2"]
[WhiteElo "1688"]
[BlackElo "1656"]
[WhiteFideId "2816288"]
[BlackFideId "2810662"]
[EventDate "2016.12.05"]

1. d4 Nf6 2. c4 e6 3. Nc3 Bb4 4. e3 O-O 5. Ne2 d5 6. a3 Be7 7. cxd5 exd5 8. Ng3
Re8 9. b4 a5 10. Rb1 axb4 11. axb4 Nc6 12. b5 Nb4 13. Be2 c5 14. O-O b6 15. Bd2
Bd6 16. Na4 Ne4 17. Be1 Nxg3 18. fxg3 Rxe3 19. dxc5 bxc5 20. Bxb4 cxb4 21. Bf3
Be6 22. Bxd5 Bxd5 23. Qxd5 Rxa4 24. Rxf7 Kh8 25. Rbf1 Re8 26. Qd4 Rg8 27. b6 Ra5
28. Kh1 Rb5 29. b7 Bc5 30. Qc4 1/2-1/2